000 00774nam a2200265Ia 4500
003 OSt
005 20220918163941.0
006 a|||||r|||| 00| 0
007 ta
008 220917b |||||||| |||| 00| 0 eng d
020 _a0333964705 (pbk)
_c1002.66
024 _a243,587
037 _b4001, 07/07/2010, Bharat Scientific Syndicate
_cTextual
040 _aARTS
_cARTS
_beng
041 _2eng
_aeng
082 _aV:(R), P3
100 _aDavies Stephen
_916178
245 0 _aEmpiricism and history
260 _aNew York
_bPalgrave USA
_c2003
300 _a163p.
_ccm.
490 _aTheory and history
650 _aHISTORY
942 _hV:(R), P3
_cTEXL
_2CC
999 _c122270
_d122270